000 00827nam a2200169Ia 4500
008 090711s9999 xx 000 0 und d
082 _b970
100 _aसोवनी रा. वि. / नारळीकर जयंत
245 _aअँरिस्टँाटल (विज्ञानाSाा रिSााल पाया)
260 _bविजय प्रकाशन
_c1991/92
300 _a28
600 _aसोवनी रा. वि. / नारळीकर जयंत
630 _aअँरिस्टँाटल (विज्ञानाSाा रिSााल पाया)
700 _aसोवनी रा. वि. / नारळीकर जयंत
730 _aअँरिस्टँाटल (विज्ञानाSाा रिSााल पाया)
942 _cBOOK
999 _c324460
_d324460